000 00288nam a2200133Ia 4500
100 _aShukla/M.C./ Grewal/T.S.
942 _cBK
654 _acost
245 _aCost Accounts
260 _bS.Chand and Co.
_aNew Delhi
_c1982
082 _a657.42
_bSHU
300 _a513
546 _aENGLISH
999 _c33745
_d33745